| 000 | 00451nam a2200193Ia 4500 | ||
|---|---|---|---|
| 003 | OSt | ||
| 005 | 20240406104123.0 | ||
| 008 | 210210b1936 xxu||||| |||| 00| 0 eng d | ||
| 040 |
_aAL _c |
||
| 041 | _aeng | ||
| 082 | _a331/29 | ||
| 100 |
_aCLARE _915487 |
||
| 245 | _aABC of the foreign exchanges | ||
| 260 |
_aLondon _bMacmillan & Co. Ltd. _c1936 |
||
| 690 |
_aBanking _915495 |
||
| 700 |
_aCRUMP _915496 |
||
| 906 | _a003931 | ||
| 942 |
_2ddc _cBK |
||
| 999 |
_c121732 _d121732 |
||